00869nam a2200229 i 4500001000700000003000900007005001700016007000300033008004100036080001500077100002700092245018200119250001200301260003300313300003500346650002600381700002500407700003400432852003200466999001900498952012200517129892ES-MaACL20230906193612.0t|070710s1967 sp ||||1| spa d a616-07(02)1 aHadorn, Walter.96141310aDe los signos y síntomas al diagnóstico / cObra dirigida por Prof. Dr. W. Hadorn [y otros] Redacción, Prof. Dr. W. Hadorn. Versión... de la doctora H. Bozzi de Pelèz. a1ª ed. aBarcelona : bToray, c1967. aXVII, 559 p. : bil. ; c25 c.14aDiagnóstico.9118511 aLöffler, W.9731181 aBozzi de Pélaez, H.9126139 aES-MaACLjC-31519 bR.62061 c129892d129892 00104070aATENEOMbATENEOMcDEPO2d2008-01-17eSCl0oC-31519p1135253r2023-02-23 00:00:00w2023-02-23yMONOGRAFIA